| 000 | 02643 a2200265 4500 | ||
|---|---|---|---|
| 999 |
_c11039 _d11039 |
||
| 020 | _a9781529731965 | ||
| 020 | _a9781529731972 | ||
| 050 |
_aBF721 _b PAC 2021 |
||
| 100 | 1 |
_aPacker, Martin, _eauthor. |
|
| 245 | 1 | 0 |
_aChild development: _cMartin Packer. _b understanding a cultural perspective/ |
| 250 | _a2nd | ||
| 264 | 1 |
_aLos Angels : _bSAGE Publications, _c2021. |
|
| 300 |
_axxv, 598pages: _billustrations (some color) |
||
| 336 |
_atext _btxt _2rdacontent |
||
| 337 |
_aunmediated _bn _2rdamedia |
||
| 338 |
_avolume _bnc _2rdacarrier |
||
| 504 | _aIncludes bibliographical references and index | ||
| 505 | _aTheoretical Perspectives in Developmental Psychology - 2. Evolution and Human Development - 3. Prenatal Developmet, Birth, and the Newborn (Conception to 6 weeks of age of age) - 4. Infancy: A Practical Understanding of the World (6 weeks-12 months) - 5. Infancy: Towards Biological Differentiation (6 weeks-12- months) - 6. Toddlerhood: A World of Irressistible Invitations (1 year-30 months) - 7. Toddlerhood: Towards Psychological Differetiation ( 1 year-30 months) - 8. Early Childhood: Captured by Appearances (3-6 years) - 9. Early Childhood: Origins of Verbal Thought (3-6 years) - 10. Middle Childhood: In Work and School (6-12 years) - 11. Middle Childhood: Understanding Intitutional Roles (6-12 years) - 12. The Teenage Years: Adolescent or Adult? (12 years and up) - 13. The Teenage Years: Differentiation between antual and Possible (12 years and up) | ||
| 520 | _aEvery child is born into a community, a society with a culture, in which he or she will live, grow and develop. Cultures lead to differences in children's development, but equally important, culture is an essential component of every childs psychological development. Child Development takes a chronological approach, from prenatal development to adolescence, in which social, cognitive, emotional and physical aspects of development are interwoven. Martin Packer integrates cross-cultural examples from different parts of the world to illustrate how culture plays a constitutive role in children's development. This book includes an in-depth discussion of human evolution, the history of language and the human lifespan, as well as the theoretical perspectives of scientific research on children's development. This textbook is essential reading for undergraduate students taking an introductory course in child development or developmental psychology | ||
| 650 | _a Child development | ||
| 650 | _aEnfants Dv̌eloppement | ||
| 700 |
_aMartin J. Packer _eauthor |
||
| 942 |
_2lcc _cBK _e2nd ed. _h721 _iPAC _kBF |
||